[Event "Elite Hotels Open 2025"]
[Site "Elite Stadshotellet, Växjö, Sweden"]
[Date "2025.02.07"]
[Round "4.11"]
[White "Matus, Daniel"]
[Black "Frank, Anton"]
[Result "0-1"]
[TimeControl "R1-4: 15 min + 5 sek, R5-8: 90 min + 30 sek"]
[BlackTitle "CM"]
[WhiteElo "1938"]
[BlackElo "2160"]

1. e4 {[%clk 00:15:10]} {[%emt 00:00:01]} e5 {[%clk 00:15:08]} {[%emt
00:00:02]} 2. Nf3 {[%clk 00:15:14]} {[%emt 00:00:01]} Nc6 {[%clk 00:15:12]}
{[%emt 00:00:01]} 3. Bb5 {[%clk 00:15:18]} a6 {[%clk 00:15:15]} {[%emt
00:00:02]} 4. Ba4 {[%clk 00:15:22]} Nf6 {[%clk 00:15:18]} {[%emt 00:00:03]} 5.
O-O {[%clk 00:15:25]} {[%emt 00:00:02]} b5 {[%clk 00:15:15]} {[%emt 00:00:06]}
6. Bb3 {[%clk 00:15:30]} Bc5 {[%clk 00:15:19]} {[%emt 00:00:02]} 7. Nxe5 {[%clk
00:14:07]} {[%emt 00:01:29]} Nxe5 {[%clk 00:15:22]} {[%emt 00:00:02]} 8. d4
{[%clk 00:14:11]} Bxd4 {[%clk 00:15:19]} {[%emt 00:00:08]} 9. Qxd4 {[%clk
00:14:15]} d6 {[%clk 00:15:22]} 10. c3 {[%clk 00:12:38]} {[%emt 00:01:42]} c5
{[%clk 00:15:05]} {[%emt 00:00:22]} 11. Qd1 {[%clk 00:11:25]} {[%emt 00:01:18]}
O-O {[%clk 00:14:30]} {[%emt 00:00:40]} 12. Bf4 {[%clk 00:10:49]} {[%emt
00:00:40]} Bb7 {[%clk 00:12:40]} {[%emt 00:01:56]} 13. f3 {[%clk 00:10:50]}
{[%emt 00:00:05]} c4 {[%clk 00:12:33]} {[%emt 00:00:11]} 14. Bc2 {[%clk
00:10:54]} Qc7 {[%clk 00:12:22]} {[%emt 00:00:16]} 15. Qe2 {[%clk 00:10:44]}
{[%emt 00:00:15]} Ng6 {[%clk 00:12:18]} {[%emt 00:00:09]} 16. Bg3 {[%clk
00:10:34]} {[%emt 00:00:16]} Rfe8 {[%clk 00:11:19]} {[%emt 00:01:03]} 17. Nd2
{[%clk 00:09:20]} {[%emt 00:01:19]} Nh5 {[%clk 00:11:23]} {[%emt 00:00:02]} 18.
f4 {[%clk 00:08:08]} {[%emt 00:01:16]} Nxg3 {[%clk 00:10:56]} {[%emt 00:00:32]}
19. hxg3 {[%clk 00:08:13]} Nf8 {[%clk 00:07:02]} {[%emt 00:03:59]} 20. Nf3
{[%clk 00:06:25]} {[%emt 00:01:52]} Qc5+ {[%clk 00:06:51]} {[%emt 00:00:16]} 21.
Nd4 {[%clk 00:06:18]} {[%emt 00:00:12]} f5 {[%clk 00:05:50]} {[%emt 00:01:06]}
22. b4 {[%clk 00:04:30]} {[%emt 00:01:53]} cxb3 {[%clk 00:05:12]} {[%emt
00:00:43]} 23. Bxb3+ {[%clk 00:04:34]} {[%emt 00:00:01]} Kh8 {[%clk 00:05:16]}
{[%emt 00:00:01]} 24. e5 {[%clk 00:02:53]} {[%emt 00:01:46]} dxe5 {[%clk
00:04:51]} {[%emt 00:00:31]} 25. fxe5 {[%clk 00:02:57]} {[%emt 00:00:01]} Rxe5
{[%clk 00:04:50]} {[%emt 00:00:05]} 26. Qf2 {[%clk 00:01:37]} {[%emt 00:01:25]}
Ng6 {[%clk 00:03:53]} {[%emt 00:01:03]} 27. Nf3 {[%clk 00:00:23]} {[%emt
00:01:19]} Qxf2+ {[%clk 00:03:41]} {[%emt 00:00:17]} 28. Rxf2 {[%emt 00:00:04]}
Rc5 {[%clk 00:03:26]} {[%emt 00:00:19]} 29. Nd4 {[%clk 00:00:22]} {[%emt
00:00:09]} Be4 {[%clk 00:02:58]} {[%emt 00:00:32]} 30. Raf1 {[%clk 00:00:08]}
{[%emt 00:00:18]} Rxc3 {[%clk 00:02:24]} {[%emt 00:00:39]} 31. Nxf5 {[%clk
00:00:12]} {[%emt 00:00:02]} Bxf5 {[%clk 00:02:18]} {[%emt 00:00:11]} 32. Rxf5
{[%clk 00:00:16]} Rxg3 {[%clk 00:02:08]} {[%emt 00:00:14]} 33. Bf7 {[%clk
00:00:14]} {[%emt 00:00:07]} Nh4 {[%clk 00:01:55]} {[%emt 00:00:19]} 34. Rh5
{[%clk 00:00:11]} {[%emt 00:00:08]} Rxg2+ {[%clk 00:01:01]} {[%emt 00:01:00]}
35. Kh1 {[%clk 00:00:15]} Rg4 {[%clk 00:01:05]} {[%emt 00:00:01]} 36. Be6
{[%clk 00:00:08]} {[%emt 00:00:11]} Ra4 {[%clk 00:00:54]} {[%emt 00:00:15]} 37.
Bd5 {[%clk 00:00:11]} {[%emt 00:00:03]} Rd8 {[%clk 00:00:51]} {[%emt 00:00:08]}
38. Kh2 {[%clk 00:00:09]} {[%emt 00:00:07]} g6 {[%clk 00:00:49]} {[%emt
00:00:07]} 39. Re5 {[%emt 00:00:10]} 0-1

[Event "Elite Hotels Open 2025"]
[Site "Elite Stadshotellet, Växjö, Sweden"]
[Date "2025.02.07"]
[Round "4.12"]
[White "Ostensson, Julia"]
[Black "Valcu, Lavinia"]
[Result "1/2-1/2"]
[TimeControl "R1-4: 15 min + 5 sek, R5-8: 90 min + 30 sek"]
[WhiteElo "1979"]
[BlackElo "2137"]

1. d4 {[%clk 00:15:07]} {[%emt 00:00:03]} Nf6 {[%clk 00:15:08]} {[%emt
00:00:02]} 2. c4 {[%clk 00:15:10]} {[%emt 00:00:02]} e6 {[%clk 00:15:12]}
{[%emt 00:00:01]} 3. Nf3 {[%clk 00:15:13]} {[%emt 00:00:03]} c5 {[%clk
00:14:42]} {[%emt 00:00:34]} 4. d5 {[%clk 00:14:57]} {[%emt 00:00:22]} b5
{[%clk 00:14:45]} 5. dxe6 {[%clk 00:14:16]} {[%emt 00:00:47]} fxe6 {[%clk
00:14:48]} {[%emt 00:00:02]} 6. cxb5 {[%clk 00:14:00]} {[%emt 00:00:20]} d5
{[%clk 00:14:52]} {[%emt 00:00:02]} 7. e3 {[%clk 00:13:19]} {[%emt 00:00:46]}
Nbd7 {[%clk 00:14:35]} {[%emt 00:00:22]} 8. Nc3 {[%clk 00:13:16]} {[%emt
00:00:07]} Be7 {[%clk 00:14:30]} {[%emt 00:00:10]} 9. Be2 {[%clk 00:13:05]}
{[%emt 00:00:17]} O-O {[%clk 00:14:28]} {[%emt 00:00:07]} 10. O-O {[%clk
00:12:53]} {[%emt 00:00:17]} a6 {[%clk 00:14:21]} {[%emt 00:00:12]} 11. a4
{[%clk 00:11:54]} {[%emt 00:01:04]} h6 {[%clk 00:13:21]} {[%emt 00:01:05]} 12.
b3 {[%clk 00:09:32]} {[%emt 00:02:27]} Bb7 {[%clk 00:12:37]} {[%emt 00:00:49]}
13. Bb2 {[%clk 00:09:08]} {[%emt 00:00:28]} Qe8 {[%clk 00:12:25]} {[%emt
00:00:17]} 14. bxa6 {[%clk 00:07:28]} {[%emt 00:01:46]} Bxa6 {[%clk 00:12:28]}
{[%emt 00:00:02]} 15. Bxa6 {[%clk 00:07:10]} {[%emt 00:00:23]} Rxa6 {[%clk
00:12:31]} {[%emt 00:00:02]} 16. Nb5 {[%clk 00:07:14]} Qf7 {[%clk 00:12:16]}
{[%emt 00:00:20]} 17. Nd2 {[%clk 00:05:39]} {[%emt 00:01:39]} Qg6 {[%clk
00:09:49]} {[%emt 00:02:33]} 18. f3 {[%clk 00:05:11]} {[%emt 00:00:33]} Nh5
{[%clk 00:09:18]} {[%emt 00:00:35]} 19. Qb1 {[%clk 00:04:02]} {[%emt 00:01:15]}
Qg5 {[%clk 00:07:44]} {[%emt 00:01:39]} 20. Qd3 {[%clk 00:04:06]} {[%emt
00:00:02]} Ne5 {[%clk 00:07:04]} {[%emt 00:00:44]} 21. Qe2 {[%clk 00:04:08]}
{[%emt 00:00:02]} Ng6 {[%clk 00:06:46]} {[%emt 00:00:24]} 22. f4 {[%clk
00:01:20]} {[%emt 00:02:53]} Nhxf4 {[%clk 00:05:37]} {[%emt 00:01:14]} 23. exf4
{[%clk 00:01:24]} {[%emt 00:00:01]} Nxf4 {[%clk 00:05:41]} 24. Rxf4 {[%clk
00:01:22]} {[%emt 00:00:07]} Rxf4 {[%clk 00:05:31]} {[%emt 00:00:15]} 25. Nf3
{[%clk 00:01:26]} Qf5 {[%clk 00:05:08]} {[%emt 00:00:28]} 26. Nbd4 {[%clk
00:00:48]} {[%emt 00:00:43]} cxd4 {[%clk 00:04:59]} {[%emt 00:00:15]} 27. Qxa6
{[%clk 00:00:38]} {[%emt 00:00:14]} d3 {[%clk 00:04:13]} {[%emt 00:00:51]} 28.
Rd1 {[%clk 00:00:18]} {[%emt 00:00:25]} Bc5+ {[%clk 00:03:44]} {[%emt
00:00:35]} 29. Nd4 {[%clk 00:00:07]} {[%emt 00:00:16]} Bxd4+ {[%clk 00:03:29]}
{[%emt 00:00:19]} 30. Bxd4 {[%clk 00:00:11]} {[%emt 00:00:01]} Rxd4 {[%clk
00:03:27]} {[%emt 00:00:07]} 31. Qc8+ {[%clk 00:00:06]} {[%emt 00:00:10]} Kh7
{[%clk 00:03:21]} {[%emt 00:00:11]} 32. Qc3 {[%clk 00:00:10]} e5 {[%clk
00:03:17]} {[%emt 00:00:09]} 33. a5 {[%clk 00:00:12]} {[%emt 00:00:03]} Qe4
{[%clk 00:02:16]} {[%emt 00:01:06]} 34. Qd2 {[%clk 00:00:06]} {[%emt 00:00:10]}
Rb4 {[%clk 00:01:34]} {[%emt 00:00:48]} 35. Qxd3 {[%clk 00:00:08]} {[%emt
00:00:04]} Qxd3 36. Rxd3 {[%clk 00:00:12]} Rb5 {[%clk 00:01:16]} {[%emt
00:00:03]} 37. a6 {[%clk 00:00:16]} Ra5 {[%clk 00:01:20]} {[%emt 00:00:02]} 38.
b4 {[%clk 00:00:07]} {[%emt 00:00:14]} Rxa6 {[%clk 00:01:23]} {[%emt 00:00:02]}
39. Rxd5 {[%clk 00:00:10]} {[%emt 00:00:01]} Ra4 {[%clk 00:00:53]} {[%emt
00:00:35]} 40. Rxe5 {[%clk 00:00:07]} {[%emt 00:00:09]} Rxb4 {[%clk 00:00:57]}
{[%emt 00:00:02]} 41. Kf2 {[%clk 00:00:11]} 1/2-1/2

[Event "Elite Hotels Open 2025"]
[Site "Elite Stadshotellet, Växjö, Sweden"]
[Date "2025.02.07"]
[Round "4.13"]
[White "Ask, Josef"]
[Black "Perets, Dmytro"]
[Result "0-1"]
[TimeControl "R1-4: 15 min + 5 sek, R5-8: 90 min + 30 sek"]
[WhiteTitle "FM"]
[WhiteElo "2115"]
[BlackElo "2059"]

1. e4 {[%clk 00:15:08]} {[%emt 00:00:02]} c5 {[%clk 00:15:09]} {[%emt
00:00:01]} 2. b3 {[%clk 00:15:11]} {[%emt 00:00:02]} Nc6 {[%clk 00:15:12]}
{[%emt 00:00:02]} 3. Bb2 {[%clk 00:15:15]} {[%emt 00:00:01]} e5 {[%clk
00:15:15]} {[%emt 00:00:01]} 4. f4 {[%clk 00:15:16]} {[%emt 00:00:04]} d6
{[%clk 00:15:14]} {[%emt 00:00:06]} 5. Nf3 {[%clk 00:15:17]} {[%emt 00:00:04]}
Bg4 {[%clk 00:14:59]} {[%emt 00:00:21]} 6. h3 {[%clk 00:15:17]} {[%emt
00:00:05]} Bxf3 {[%clk 00:14:59]} {[%emt 00:00:05]} 7. Qxf3 {[%clk 00:15:21]}
{[%emt 00:00:02]} Nf6 {[%clk 00:13:07]} {[%emt 00:01:57]} 8. Bb5 {[%clk
00:15:00]} {[%emt 00:00:25]} exf4 {[%clk 00:12:05]} {[%emt 00:01:08]} 9. Nc3
{[%clk 00:14:22]} {[%emt 00:00:42]} Be7 {[%clk 00:12:02]} {[%emt 00:00:08]} 10.
O-O {[%clk 00:13:38]} {[%emt 00:00:49]} O-O {[%clk 00:12:03]} {[%emt 00:00:05]}
11. Qxf4 {[%clk 00:13:13]} {[%emt 00:00:29]} Nd4 {[%clk 00:12:01]} {[%emt
00:00:07]} 12. Bd3 {[%clk 00:13:11]} {[%emt 00:00:07]} Nd7 {[%clk 00:11:11]}
{[%emt 00:00:56]} 13. Nd5 {[%clk 00:12:47]} {[%emt 00:00:29]} Ne5 {[%clk
00:10:10]} {[%emt 00:01:06]} 14. Kh2 {[%clk 00:11:21]} {[%emt 00:01:30]} Bg5
{[%clk 00:09:26]} {[%emt 00:00:49]} 15. Qg3 {[%clk 00:10:24]} {[%emt 00:01:03]}
Bxd2 {[%clk 00:07:30]} {[%emt 00:02:01]} 16. Nf6+ {[%clk 00:08:32]} {[%emt
00:01:57]} Kh8 {[%clk 00:07:34]} 17. Rad1 {[%clk 00:08:28]} {[%emt 00:00:08]}
Bh6 {[%clk 00:07:22]} {[%emt 00:00:18]} 18. Qh4 {[%clk 00:07:53]} {[%emt
00:00:40]} Re8 {[%clk 00:04:43]} {[%emt 00:02:44]} 19. Qh5 {[%clk 00:06:54]}
{[%emt 00:01:04]} Re6 {[%clk 00:04:01]} {[%emt 00:00:46]} 20. Nd5 {[%clk
00:05:51]} {[%emt 00:01:08]} Rc8 {[%clk 00:03:41]} {[%emt 00:00:26]} 21. c3
{[%clk 00:04:34]} {[%emt 00:01:22]} Ndc6 {[%clk 00:03:27]} {[%emt 00:00:18]} 22.
Rf2 {[%clk 00:04:00]} {[%emt 00:00:40]} Qg5 {[%clk 00:03:03]} {[%emt 00:00:29]}
23. Qe2 {[%clk 00:03:49]} {[%emt 00:00:16]} Nxd3 {[%clk 00:02:46]} {[%emt
00:00:22]} 24. Rxd3 {[%clk 00:03:52]} {[%emt 00:00:02]} Qe5+ {[%clk 00:02:26]}
{[%emt 00:00:25]} 25. Kg1 {[%clk 00:03:49]} {[%emt 00:00:08]} Qxe4 {[%clk
00:02:10]} {[%emt 00:00:21]} 26. Qxe4 {[%clk 00:03:42]} {[%emt 00:00:12]} Rxe4
{[%clk 00:02:14]} 27. c4 {[%clk 00:03:18]} {[%emt 00:00:29]} Kg8 {[%clk
00:01:23]} {[%emt 00:00:56]} 28. Rg3 {[%clk 00:03:16]} {[%emt 00:00:07]} Re6
{[%clk 00:00:43]} {[%emt 00:00:44]} 29. Nf6+ {[%clk 00:02:49]} {[%emt
00:00:32]} Kh8 {[%clk 00:00:40]} {[%emt 00:00:08]} 30. Nh5 {[%clk 00:02:39]}
{[%emt 00:00:16]} f6 {[%clk 00:00:10]} {[%emt 00:00:35]} 31. Kh2 {[%clk
00:02:06]} {[%emt 00:00:38]} Ne5 {[%clk 00:00:13]} 32. Rf1 {[%clk 00:01:40]}
{[%emt 00:00:31]} Rce8 {[%clk 00:00:17]} {[%emt 00:00:02]} 33. Rd1 {[%clk
00:01:19]} {[%emt 00:00:26]} g6 {[%clk 00:00:21]} 34. Nxf6 {[%clk 00:00:31]}
{[%emt 00:00:53]} Rxf6 {[%clk 00:00:25]} 35. Kg1 {[%clk 00:00:29]} {[%emt
00:00:07]} Bg7 {[%clk 00:00:25]} {[%emt 00:00:05]} 36. Re3 {[%clk 00:00:27]}
{[%emt 00:00:06]} Rfe6 {[%clk 00:00:17]} {[%emt 00:00:13]} 37. Kh1 {[%clk
00:00:19]} {[%emt 00:00:14]} Nc6 {[%clk 00:00:13]} {[%emt 00:00:09]} 38. Bxg7+
{[%clk 00:00:14]} {[%emt 00:00:10]} Kxg7 {[%clk 00:00:16]} {[%emt 00:00:01]} 39.
Rf3 {[%clk 00:00:12]} {[%emt 00:00:07]} Nd4 {[%clk 00:00:20]} {[%emt 00:00:01]}
40. Rf4 {[%clk 00:00:12]} {[%emt 00:00:05]} Re1+ {[%clk 00:00:20]} {[%emt
00:00:05]} 41. Rxe1 {[%clk 00:00:14]} {[%emt 00:00:03]} Rxe1+ {[%clk 00:00:23]}
42. Kh2 {[%clk 00:00:19]} Re2 {[%clk 00:00:26]} {[%emt 00:00:02]} 43. b4 {[%clk
00:00:18]} {[%emt 00:00:07]} Rxa2 {[%clk 00:00:27]} {[%emt 00:00:03]} 44. bxc5
{[%clk 00:00:22]} dxc5 {[%clk 00:00:31]} {[%emt 00:00:02]} 45. Re4 {[%clk
00:00:26]} Kf7 {[%clk 00:00:22]} {[%emt 00:00:14]} 46. Rf4+ {[%clk 00:00:28]}
{[%emt 00:00:03]} Ke7 {[%clk 00:00:24]} {[%emt 00:00:03]} 47. Re4+ {[%clk
00:00:32]} Kd6 {[%clk 00:00:18]} {[%emt 00:00:10]} 48. Re8 {[%clk 00:00:35]}
{[%emt 00:00:02]} Ra4 {[%clk 00:00:18]} {[%emt 00:00:05]} 49. Rd8+ {[%clk
00:00:33]} {[%emt 00:00:08]} Kc7 {[%clk 00:00:21]} 50. Rh8 {[%clk 00:00:36]}
{[%emt 00:00:02]} Rxc4 {[%clk 00:00:17]} {[%emt 00:00:09]} 51. Rxh7+ Kb6 {[%clk
00:00:19]} {[%emt 00:00:03]} 52. Rg7 {[%clk 00:00:40]} {[%emt 00:00:05]} a5
{[%clk 00:00:22]} {[%emt 00:00:02]} 53. Rxg6+ {[%clk 00:00:45]} {[%emt
00:00:01]} Nc6 {[%clk 00:00:26]} 54. g4 {[%clk 00:00:45]} {[%emt 00:00:05]} a4
{[%clk 00:00:30]} 55. Rg8 {[%clk 00:00:46]} {[%emt 00:00:04]} a3 {[%clk
00:00:32]} {[%emt 00:00:02]} 56. Ra8 {[%clk 00:00:49]} {[%emt 00:00:02]} Na5
{[%clk 00:00:32]} {[%emt 00:00:05]} 57. Re8 {[%clk 00:00:52]} {[%emt 00:00:02]}
a2 {[%clk 00:00:31]} {[%emt 00:00:06]} 58. Re6+ {[%clk 00:00:55]} {[%emt
00:00:02]} Ka7 {[%clk 00:00:33]} {[%emt 00:00:03]} 59. Re1 {[%clk 00:00:56]}
{[%emt 00:00:05]} Nb3 {[%clk 00:00:34]} {[%emt 00:00:04]} 0-1

[Event "Elite Hotels Open 2025"]
[Site "Elite Stadshotellet, Växjö, Sweden"]
[Date "2025.02.07"]
[Round "4.14"]
[White "Spang, Lukas"]
[Black "Arman, Deniz"]
[Result "0-1"]
[TimeControl "R1-4: 15 min + 5 sek, R5-8: 90 min + 30 sek"]
[BlackTitle "FM"]
[WhiteElo "1935"]
[BlackElo "2350"]

1. e4 {[%clk 00:15:08]} {[%emt 00:00:02]} d6 {[%clk 00:15:01]} {[%emt
00:00:10]} 2. d4 {[%clk 00:15:11]} {[%emt 00:00:02]} Nf6 {[%clk 00:15:04]}
{[%emt 00:00:01]} 3. Nc3 {[%clk 00:15:14]} {[%emt 00:00:02]} e5 {[%clk
00:15:07]} {[%emt 00:00:02]} 4. Nf3 {[%clk 00:15:15]} {[%emt 00:00:05]} exd4
{[%clk 00:15:10]} {[%emt 00:00:02]} 5. Nxd4 {[%clk 00:15:17]} {[%emt 00:00:02]}
Be7 {[%clk 00:15:13]} {[%emt 00:00:02]} 6. Bc4 {[%clk 00:15:17]} {[%emt
00:00:06]} O-O {[%clk 00:15:10]} {[%emt 00:00:09]} 7. O-O {[%clk 00:15:17]}
{[%emt 00:00:04]} c6 {[%clk 00:15:12]} {[%emt 00:00:02]} 8. a4 {[%clk
00:15:06]} {[%emt 00:00:16]} d5 {[%clk 00:15:02]} {[%emt 00:00:16]} 9. exd5
{[%clk 00:14:52]} {[%emt 00:00:19]} cxd5 {[%clk 00:15:05]} {[%emt 00:00:02]} 10.
Be2 {[%clk 00:14:34]} {[%emt 00:00:23]} Nc6 {[%clk 00:14:42]} {[%emt 00:00:28]}
11. Be3 {[%clk 00:14:28]} {[%emt 00:00:12]} Be6 {[%clk 00:14:20]} {[%emt
00:00:26]} 12. Bf3 {[%clk 00:14:19]} {[%emt 00:00:14]} Ne5 {[%clk 00:13:43]}
{[%emt 00:00:42]} 13. Be2 {[%clk 00:13:46]} {[%emt 00:00:38]} a6 {[%clk
00:13:15]} {[%emt 00:00:32]} 14. Re1 {[%clk 00:12:40]} {[%emt 00:01:12]} Rc8
{[%clk 00:12:19]} {[%emt 00:01:01]} 15. Qd2 {[%clk 00:10:45]} {[%emt 00:02:00]}
Bb4 {[%clk 00:11:16]} {[%emt 00:01:08]} 16. Nxe6 {[%clk 00:09:38]} {[%emt
00:01:13]} fxe6 {[%clk 00:11:13]} {[%emt 00:00:07]} 17. Bd4 {[%clk 00:09:39]}
{[%emt 00:00:04]} Nc6 {[%clk 00:10:15]} {[%emt 00:01:03]} 18. Bf3 {[%clk
00:04:56]} {[%emt 00:04:48]} e5 {[%emt 00:03:29]} 19. Rxe5 {[%clk 00:04:50]}
{[%emt 00:00:08]} Nxe5 {[%clk 00:06:46]} {[%emt 00:00:12]} 20. Bxe5 {[%clk
00:04:53]} {[%emt 00:00:03]} Kh8 {[%clk 00:05:30]} {[%emt 00:01:21]} 21. Qg5
{[%clk 00:03:58]} {[%emt 00:01:00]} h6 {[%clk 00:03:00]} {[%emt 00:02:36]} 22.
Qg3 {[%clk 00:03:37]} {[%emt 00:00:26]} Qe7 {[%clk 00:02:27]} {[%emt 00:00:38]}
23. Rd1 {[%clk 00:01:34]} {[%emt 00:02:08]} Rce8 {[%clk 00:02:18]} {[%emt
00:00:13]} 24. Re1 {[%clk 00:00:09]} {[%emt 00:01:31]} Bd6 {[%clk 00:02:21]}
{[%emt 00:00:01]} 25. Qg6 {[%clk 00:00:06]} {[%emt 00:00:08]} Bxe5 {[%clk
00:02:19]} {[%emt 00:00:07]} 26. Be2 {[%clk 00:00:09]} {[%emt 00:00:02]} Bxc3
{[%emt 00:00:15]} 0-1

[Event "Elite Hotels Open 2025"]
[Site "Elite Stadshotellet, Växjö, Sweden"]
[Date "2025.02.07"]
[Round "4.15"]
[White "Preman, Nathan"]
[Black "Jacobsen, Mikkel Manosri"]
[Result "0-1"]
[TimeControl "R1-4: 15 min + 5 sek, R5-8: 90 min + 30 sek"]
[BlackTitle "FM"]
[WhiteElo "1985"]
[BlackElo "2314"]

1. e4 {[%clk 00:15:08]} {[%emt 00:00:03]} c5 {[%clk 00:15:08]} {[%emt
00:00:02]} 2. Nf3 {[%clk 00:15:11]} {[%emt 00:00:01]} Nf6 {[%clk 00:15:11]}
{[%emt 00:00:02]} 3. Nc3 {[%clk 00:14:16]} {[%emt 00:01:00]} d5 {[%clk
00:15:14]} {[%emt 00:00:02]} 4. exd5 {[%clk 00:14:13]} {[%emt 00:00:08]} Nxd5
{[%clk 00:15:18]} {[%emt 00:00:02]} 5. Nxd5 {[%clk 00:14:04]} {[%emt 00:00:13]}
Qxd5 {[%clk 00:15:20]} {[%emt 00:00:03]} 6. d4 {[%clk 00:14:04]} {[%emt
00:00:05]} Nc6 {[%clk 00:14:40]} {[%emt 00:00:45]} 7. dxc5 {[%clk 00:13:36]}
{[%emt 00:00:33]} Qxd1+ {[%clk 00:14:33]} {[%emt 00:00:11]} 8. Kxd1 {[%clk
00:13:39]} {[%emt 00:00:03]} Bg4 {[%clk 00:14:35]} {[%emt 00:00:03]} 9. c3
{[%clk 00:12:31]} {[%emt 00:01:13]} e5 {[%clk 00:13:56]} {[%emt 00:00:44]} 10.
Be3 {[%clk 00:10:20]} {[%emt 00:02:16]} f5 {[%clk 00:12:12]} {[%emt 00:01:49]}
11. h3 {[%clk 00:06:55]} {[%emt 00:03:29]} Bh5 {[%clk 00:12:01]} {[%emt
00:00:17]} 12. Kc2 {[%clk 00:05:23]} {[%emt 00:01:37]} f4 {[%clk 00:11:53]}
{[%emt 00:00:13]} 13. Bd2 {[%clk 00:05:12]} {[%emt 00:00:16]} Bxc5 {[%clk
00:11:52]} {[%emt 00:00:05]} 14. Re1 {[%clk 00:04:57]} {[%emt 00:00:21]} Bxf3
{[%clk 00:11:07]} {[%emt 00:00:49]} 15. gxf3 {[%clk 00:05:00]} {[%emt
00:00:02]} Bxf2 {[%clk 00:11:08]} {[%emt 00:00:04]} 16. Re4 {[%clk 00:04:50]}
{[%emt 00:00:16]} a6 {[%clk 00:10:52]} {[%emt 00:00:21]} 17. Bxf4 {[%clk
00:04:33]} {[%emt 00:00:22]} O-O {[%clk 00:09:10]} {[%emt 00:01:47]} 18. Bxe5
{[%clk 00:03:30]} {[%emt 00:01:08]} Rxf3 {[%clk 00:09:13]} {[%emt 00:00:02]} 19.
Bd4 {[%clk 00:02:05]} {[%emt 00:01:31]} Bxd4 {[%clk 00:09:04]} {[%emt
00:00:12]} 20. cxd4 {[%clk 00:02:09]} {[%emt 00:00:02]} Rd8 {[%clk 00:08:54]}
{[%emt 00:00:15]} 21. Bc4+ {[%clk 00:02:04]} {[%emt 00:00:09]} Kf8 {[%clk
00:08:43]} {[%emt 00:00:17]} 22. Rd1 {[%clk 00:01:37]} {[%emt 00:00:32]} Ne7
{[%clk 00:05:56]} {[%emt 00:02:52]} 23. Rf1 {[%clk 00:01:23]} {[%emt 00:00:20]}
Rxf1 {[%clk 00:05:29]} {[%emt 00:00:31]} 24. Bxf1 {[%clk 00:01:26]} {[%emt
00:00:02]} Nf5 {[%clk 00:05:25]} {[%emt 00:00:09]} 25. Rf4 {[%clk 00:01:11]}
{[%emt 00:00:20]} g6 {[%clk 00:05:28]} {[%emt 00:00:02]} 26. Kc3 {[%clk
00:00:33]} {[%emt 00:00:42]} Kg7 {[%clk 00:04:50]} {[%emt 00:00:43]} 27. Bd3
{[%clk 00:00:14]} {[%emt 00:00:25]} Nd6 {[%clk 00:04:54]} 28. a4 {[%clk
00:00:11]} {[%emt 00:00:09]} a5 {[%clk 00:03:23]} {[%emt 00:01:35]} 29. Rf3
{[%clk 00:00:10]} {[%emt 00:00:06]} b6 {[%clk 00:03:14]} {[%emt 00:00:14]} 30.
Re3 {[%clk 00:00:14]} Kf6 {[%clk 00:03:12]} {[%emt 00:00:07]} 31. b3 {[%clk
00:00:17]} {[%emt 00:00:03]} Rd7 {[%clk 00:02:02]} {[%emt 00:01:14]} 32. Bc4
{[%clk 00:00:15]} {[%emt 00:00:07]} Kg5 {[%clk 00:01:52]} {[%emt 00:00:15]} 33.
Re5+ {[%clk 00:00:09]} {[%emt 00:00:11]} Kh4 {[%clk 00:01:38]} {[%emt
00:00:19]} 34. Be6 {[%clk 00:00:10]} {[%emt 00:00:04]} Re7 {[%clk 00:01:30]}
{[%emt 00:00:14]} 35. d5 {[%clk 00:00:12]} {[%emt 00:00:03]} h5 {[%clk
00:00:47]} {[%emt 00:00:47]} 36. Kd4 {[%clk 00:00:11]} {[%emt 00:00:05]} g5
{[%clk 00:00:46]} {[%emt 00:00:07]} 37. Re3 {[%clk 00:00:11]} {[%emt 00:00:05]}
Nf7 {[%clk 00:00:22]} {[%emt 00:00:29]} 38. Re4 {[%clk 00:00:09]} {[%emt
00:00:07]} Kg3 {[%clk 00:00:25]} {[%emt 00:00:02]} 39. Re3+ {[%clk 00:00:12]}
{[%emt 00:00:02]} Kf2 {[%clk 00:00:22]} {[%emt 00:00:08]} 40. Rc3 {[%clk
00:00:16]} {[%emt 00:00:01]} Nd8 {[%clk 00:00:23]} {[%emt 00:00:04]} 41. Rc2+
{[%clk 00:00:13]} {[%emt 00:00:07]} Kf3 {[%clk 00:00:25]} {[%emt 00:00:04]} 42.
Rc3+ {[%clk 00:00:15]} {[%emt 00:00:03]} Kf4 {[%clk 00:00:28]} {[%emt
00:00:02]} 43. Rc1 {[%clk 00:00:09]} {[%emt 00:00:11]} Nxe6+ {[%clk 00:00:28]}
{[%emt 00:00:05]} 44. dxe6 {[%clk 00:00:13]} {[%emt 00:00:02]} Rxe6 {[%clk
00:00:32]} 45. Kd5 {[%clk 00:00:09]} {[%emt 00:00:09]} Rg6 {[%clk 00:00:31]}
{[%emt 00:00:05]} 46. Rc4+ {[%clk 00:00:08]} {[%emt 00:00:07]} Kf5 {[%clk
00:00:27]} {[%emt 00:00:09]} 47. Rc1 {[%clk 00:00:08]} {[%emt 00:00:05]} g4
{[%clk 00:00:30]} {[%emt 00:00:02]} 48. h4 {[%clk 00:00:08]} {[%emt 00:00:05]}
g3 {[%clk 00:00:32]} {[%emt 00:00:03]} 49. Rf1 {[%clk 00:00:12]} {[%emt
00:00:02]} Kg4 {[%clk 00:00:35]} 50. Ke4 {[%clk 00:00:14]} {[%emt 00:00:03]} g2
{[%clk 00:00:30]} {[%emt 00:00:09]} 51. Rg1 {[%emt 00:00:06]} Kh3 {[%clk
00:00:22]} {[%emt 00:00:12]} 52. Kf5 {[%clk 00:00:09]} {[%emt 00:00:10]} Rg4
{[%clk 00:00:22]} {[%emt 00:00:05]} 53. b4 {[%clk 00:00:07]} {[%emt 00:00:08]}
axb4 {[%clk 00:00:25]} {[%emt 00:00:03]} 54. Ke5 {[%clk 00:00:06]} {[%emt
00:00:05]} Kh2 {[%clk 00:00:22]} {[%emt 00:00:07]} 0-1